00274nam a2200121Ia 4500008004100000100001400041245002900055260002600084300000800110650001000118942000700128999001700135190216s9999||||xx |||||||||||||| ||und|| aKanam E J 0aPambanadhi Panjozhugunnu bPoorna Pubs Kozhikode a234 aNovel cBK c27455d27455